00283pam a2200109 a 4500020000500000041000500005082002800010100001300038245006800051260004100119300001300160 c h a658.29999999999995bSIN aSingh, B aCurrent Trends In Human Resource DevelopmenthTextual Documents aNew DelhibDeep And Deep Publication aIX / 416